MARC

Tag First Indicator Second Indicator Subfields
LEADER 00000cam a2200000 i 4500
001 in00000208421
005 20151009054649.0
008 790411s1962 nyu b 00110 eng d
035 |a (OCoLC)04847252 
035 |9 AAW8596AM 
040 |a TXA  |c TXA  |d UtOrBLW 
049 |a TXAM 
090 |a E470.2  |b .C37 1962a 
100 1 |a Catton, Bruce,  |d 1899-1978. 
245 1 0 |a Mr. Lincoln's Army /  |c Bruce Catton. 
264 1 |a Garden City, N.Y. :  |b Doubleday,  |c [1962] 
264 4 |c ©1962 
300 |a xiii, 363 pages ;  |c 22 cm. 
336 |a text  |b txt  |2 rdacontent 
337 |a unmediated  |b n  |2 rdamedia 
338 |a volume  |b nc  |2 rdacarrier 
490 1 |a His Army of the Potomac ; [1] 
504 |a Includes bibliographical references (pages [333]-339) and index. 
536 |a The Al Stonestreet Parks and Recreation Collection. 
600 1 0 |a McClellan, George B.  |q (George Brinton),  |d 1826-1885. 
651 0 |a United States  |x History  |y Civil War, 1861-1865  |x Regimental histories  |x Army of the Potomac. 
651 0 |a United States  |x History  |y Civil War, 1861-1865  |x Campaigns. 
800 1 |a Catton, Bruce,  |d 1899-1978.  |t Army of the Potomac ;  |v 1. 
999 |a MARS 
999 f f |s 0256ee97-e2e0-3b0a-a9f3-4cbdb82aed09  |i f09a855a-3f0d-3c9b-a2d2-308f3fa39435  |t 0 
952 f f |p noncirc  |a Texas A&M University  |b College Station  |c Cushing Memorial Library & Archives  |d Cushing: Ragan Military (Does not check out)  |t 0  |e E470.2 .C37 1962a  |h Library of Congress classification  |i unmediated -- volume 
952 f f |p normal  |a Texas A&M University  |b College Station  |c Sterling C. Evans Library  |d Evans: Library Stacks  |t 0  |e E470.2 .C37 1962a  |h Library of Congress classification  |i unmediated -- volume  |m A14802230983 
952 f f |p ric  |a Texas A&M University  |b Rellis Campus  |c Joint Library Facility  |d Remote Storage  |t 0  |e E470.2 .C37 1962a  |h Library of Congress classification  |i unmediated -- volume  |m A14821572475 
998 f f |a E470.2 .C37 1962a  |t 0  |l Remote Storage 
998 f f |a E470.2 .C37 1962a  |t 0  |l Cushing: Ragan Military (Does not check out) 
998 f f |a E470.2 .C37 1962a  |t 0  |l Evans: Library Stacks